000 00899nam a22002537a 4500
005 20170124105916.0
010 _aA-505979
020 _c£4.50
_a9780582964105
035 _aA-505979
037 _bCen Lib/Ret
040 _aDPL
_bEN
082 _a483.1
100 _aHeaton, J. B.
_92584
245 _aLongman dictionary of common errors /
_cby J. B.Heaton [and] N. D. Turton
260 _aUK
_bLongman
_c1987
270 _aLongman House, Burnt Mill, Harlow
_bEngland
300 _axv,297p.
_c19cm(pbk)
650 _aEnglish Grammer
_vDictionaries
_92585
650 _aCommon English Errors
_vDictionaries
_92586
650 _aअंग्रेजी ग्रामर
_vशब्दकोश
_92587
650 _aआम अंग्रेजी त्रुटियाँ
_vशब्दकोश
_92588
700 _aTurton, N. D.
_92589
942 _2ddc
_cEN
_h483.1
_mHEA
999 _c122833
_d122833